| 000 | 00579nam a2200181Ia 4500 | ||
|---|---|---|---|
| 005 | 20260429112243.0 | ||
| 008 | 260429s9999||||xx |||||||||||||| ||und|| | ||
| 020 | _a9788177143157 | ||
| 041 | _aHindi | ||
| 082 |
_a891.434 _bCHA |
||
| 100 | _aचौबे, जगदीश नारायण | ||
| 245 | 0 |
_aसड़क बाप की है / _cजगदीश नारायण चौबे |
|
| 250 | _a1st ed. | ||
| 260 |
_aदिल्ली : _bप्रकाशन संस्थान, _c2011. |
||
| 300 | _a167 p.; Hb | ||
| 650 | _aHindi essays | ||
| 942 | _cTB | ||
| 999 |
_c53145 _d53145 |
||